000 00556nmm a2200169Ia 4500
008 251105s9999||||xx |||||||||||||||||und||
020 _a9788484891024
041 _aspa
100 _aRío Parra, Elena del
245 0 _aUna era de monstruos :
_b Representaciones de lo deforme en el Siglo de Oro español
264 _a[Madrid, España] :
_bIberoamericana Vervuert,
_c2003
300 _a309 páginas
490 _aBiblioteca Áurea Hispánica
650 _aSpanish literature
856 _uhttps://public.digitaliapublishing.com/a/15388
942 _cCF
999 _c86510
_d86510